000 00406nam a22001457a 4500
020 _a0814454372
082 _a658.048 MAN
100 _aBorst, B.
245 _aManaging Nonprofit Organizations
260 _aNew York
_bA Division of American Management Associations
_c1977
300 _aviii; 328p.
_bill; 24cm.
500 _ainclude; Bibliography, Index.
700 _aMontana, J. Pactrick
942 _cBK
999 _c17744
_d17744